000 00715nam a2200229Ia 4500
003 GCL
008 140319s9999 xx 000 0 ara d
020 _a6527232977
040 _aGCL /
_cGCL
082 0 4 _a372.218
_bس ق
100 1 _aسعيد عبدالمعز على
245 1 0 _aالقصة واثرها فى تربية الطفل /
_cسعيد عبدالمعز على
250 _aالاولى
260 _aالقاهرة :
_bعالم الكتب ،
_c2006
300 _a219 ص ؛
_c24 سم
650 0 4 _aرياض الاطفال
650 0 4 _aقصص الاطفال
650 0 4 _aادب الاطفال
650 0 4 _aالسرد الادبى
650 0 4 _aالاطفال - تربية
942 _2ddc
_cBK
999 _c9743
_d9743